| 000 | 00000nam 2200000za 4500 |
| 001 | 9.641935 |
| 003 | CaOODSP |
| 005 | 20240129101611 |
| 007 | cr ||||||||||| |
| 008 | 150407|2002||||xxc|||||o f|0| 0 fre d |
| 040 | |aCaOODSP|bfre |
| 043 | |an-cn--- |
| 086 | 1 |aEn4-169/2002F-PDF |
| 110 | 1 |aCanada. |bEnvironnement Canada. |bDirection générale de la vérification et de l'évaluation. |
| 245 | 10|aÉvaluation du Fonds pour dommages à l'environnement / |h[ressource électronique]|cpréparé par: HDP Group Inc. |
| 260 | |aGatineau - Québec : |bEnvironnement Canada. |cAoût 2002. |
| 300 | |a17p.|btableaux |
| 590 | |a13-14-Supp|b2013-05-30 |
| 691 | 07|aImpact sur l'environnement|2gcpds |
| 775 | 08|tEnvironmental Damages Fund evaluation / |w(CaOODSP)9.697943 |
| 856 | 40|ahttp://publications.gc.ca|qPDF|s61 Ko|uhttps://publications.gc.ca/collections/collection_2013/ec/En4-169-2002-fra.pdf |